000
00267nam a2200097Ia 4500
001
1099141
005
20250827003127.0
008
250824s9999 xx 000 0 und d
245
0
_a
OSMANLIDAN CUMHURİYETE İKTİDAR OYUNU
_c
AVNİ ÖZGÜREL
260
_b
KETEBE YAYINLARI
999
_c
1099141
_d
1099141